Sports Quiz

Random Sports or NBA Quiz

Bill Russell's Hall of Famer teammates Quiz Stats

 Plays Quiz not verified by Sporcle

Score 0/11 Timer 05:00
0 Plays Today
First season together Name % Correct
1956-57Bob Cousy
95%
1957-58Sam Jones
88.8%
1958-59K.C. Jones
88.8%
1962-63John Havlicek
86%
1956-57Tom Heinsohn
72.6%
1956-57Bill Sharman
56.4%
1956-57Frank Ramsey
41.3%
1966-67Bailey Howell
30.7%
1962-63Clyde Lovellette
16.8%
1956-57Arnie Risen
12.3%
1956-57Andy Phillip
11.7%

You're not logged in!

Compare scores with friends on all Sporcle quizzes.
Join for Free
OR
Log In

You Might Also Like...

Show Comments

Extras

Top Quizzes Today


Score Distribution

Your Account Isn't Verified!

In order to create a playlist on Sporcle, you need to verify the email address you used during registration. Go to your Sporcle Settings to finish the process.

Report this User

Report this user for behavior that violates our Community Guidelines.

Details: